[Event "Moscow Aeroflot op-A 11th"]
[Site "Moscow"]
[Date "2012.02.11"]
[Round "5"]
[White "Bartel, Mateusz"]
[Black "Popov, Ivan1"]
[Result "1-0"]
[WhiteElo "2658"]
[BlackElo "2599"]
[Annotator "Bartel,M"]
[PlyCount "85"]
[EventDate "2012.02.07"]
[EventType "swiss"]
[EventRounds "9"]
[EventCountry "RUS"]
[SourceTitle "CBM 147"]
[Source "ChessBase"]
[SourceDate "2012.03.16"]
[SourceVersion "1"]
[SourceVersionDate "2012.03.16"]
[SourceQuality "1"]

1. Nf3 Nf6 2. c4 e6 3. g3 a6 {First surprise, as I expected d7-d5 here. The
move used by my opponent is also an option, however this must be a bit strange.
If I am not mistaken, this is original idea by one of the most creative
players of all time, GM Oleg Romanishin.} 4. Bg2 b5 5. Na3 $5 {Well, I was
surprised by my opponent's choice, so I decided to go into a fresh position.
Na3 is not very unfamiliar in such structures, though I can see only 2 games
in my database in that particular position. What's the idea of that strange
looking move? White provokes Black - it's possible to take on a3, but you open
the b-file for white rook and also you give up the two bishops - and put a
pressure on the pawn on b5. If you play b4, or go for d5 - which happened in
the game - the white knight can go to e3, not a very typical place, but not a
bad one.} d5 {Looks the most logical.} ({In the event of} 5... Bxa3 6. bxa3 {
White should be at least a bit better, e.g.} bxc4 (6... Bb7 7. Rb1 Bc6 8. Qc2)
(6... O-O 7. Qc2) 7. Ne5 d5 8. Nxc4 {and I think that pair of bishops and
especially the weak black squares should provide White something of an edge.})
({Even worse is} 5... Bb7 6. cxb5 Bxa3 7. bxa6 Nxa6 8. bxa3 {and I don't
believe that Black has enough compensation for the pawn and the bishop pair.})
6. cxd5 ({It was also possible to take the pawn after} 6. cxb5 axb5 7. Nxb5 c5
{, but I wasn't sure it this "Blumenfeld-like" position is so good for White.})
6... Nxd5 ({I think that} 6... exd5 {is not a big deal for Black, as b5 looks
sensless and useless. After} 7. d4 Bd6 8. Ne5 {White should have an edge.}) (
6... Bxa3 {wasn't possible, because of} 7. dxe6) 7. Nc2 {Now, without the
c-pawn, I think ...Bxa3 was sometimes possible.} ({I didn't want to play} 7. d4
{, as I thought the e4-square would be too weak and after} Bb7 8. O-O {Black
can even try} Nf6 $5 {. In such positions the knight on a3 is simply misplaced.
}) 7... Bb7 8. b3 {I am not sure if this is that important, but I wanted to
play b3-Bb2 first and castle only afterwards.} Be7 {Seems the most natural.} 9.
Bb2 O-O 10. O-O Nd7 $6 {In my opinion this is a bad move and maybe '?' would
be more appropriate in the evaluation. What's the problem with this move? Up
to this moment White wasn't showing what he wants - d4 or e4. In the event of
d4 the knight on d7 would be very much ok, but in the event of e4, connected
with d3, the perfect place for the knight would be c6. So, Black should have
wait to see what White would decide.} ({Much better was} 10... c5 {after which
White would have many interesting options, but probably none of them would be
enough to get any edge - in fact how that could be possible if Blackhas such
soundy development?} 11. Rc1 (11. d4 Nd7 12. e4 N5f6 13. e5 Nd5 14. Qe2 Rc8 $11
) (11. e4 Nf6 12. Qe2 $5 Nxe4 $5 (12... Bxe4 $2 13. Bxf6) (12... Nc6 13. d4
cxd4 14. Nfxd4 Nxd4 15. Nxd4 Qb6 $11) 13. Ne5 Nd6 14. Bxb7 Nxb7 15. d4 $13)
11... Nc6 12. Ne3 Nxe3 13. fxe3 {with an original position, where both sides
have some pluses - Black has the better structure and more active pieces,
White has the open c- and f-files for rooks.}) 11. e4 $1 N5f6 12. d3 c5 13. Ne3
{At this moment the position is probably balanced anyway, but from a practical
point of view it's not easy at all - the knight on d7 is visibly misplaced.
The good news for Black is that White is generally speaking very slow (e.g. if
he wants to attack on the kingside), but you must make some difficult
decisions in order to get back the harmony in your army.} Nb8 $1 {A strong
move. It's not easy to admit that you were wrong just a few moves ago, but
Ivan managed to do it. The knight is going to c6.} 14. Ne5 Nc6 15. Nxc6 Bxc6 {
The exchange of the knights was ... good for both sides. The white knight
wasn't doing very much on f3, but on e5 it was fine; the black knight was
doing absolutely nothing on d7, but on c6 it began to be dangerous.} 16. Rc1 {
A useful move - one day Black may have problems with the pawn on c5.} Rc8 17.
Ng4 {A natural move - White is exerting some pressure. Now we can see that the
rook on c1 is useful as the bishop can't go to (or take on) f6.} Ba8 {Best -
Black protects c5. It's also better to have the bishop on a8 than on b7 as the
hanging bishop on b7 can be potentially in danger after some e5-tricks.} 18.
Ne5 {The knight is well placed on e5 and a bit annoying for Black. My opponent
wanted, probably too much, to exchange it.} Rc7 (18... Nd7 {was very suspect:}
19. Nxd7 Qxd7 {as after} 20. Qg4 {Black must weaken his king, although after e.
g.} f6 21. Bh3 Rc6 {engines evaluate it as equal. I would rather say that
Black is in danger, but if there is not any direct solution which creates some
pressure on the e6-pawn, Black could really be ok.}) ({A bit better than ...
Rc7 was probably} 18... Qb6 {and now} 19. Qf3 (19. g4 {seems to be wrong as
Black plays} Rcd8 $1 ({much weaker is} 19... Rfd8 20. Qf3 $1 h6 21. h4 {
with a serious attack}) 20. Qf3 Nd7 {and only Black can be better}) 19... Rcd8
$1 (19... Rfd8 $6 20. g4 $1) 20. Qe3 Nd7 $11 {and Black is fine as after} 21.
Nxd7 $6 Rxd7 22. b4 $2 {Black can play} Qd8 $15) 19. Qe2 Nd7 {Finally, Black
is ready to exchange knights.} 20. Ng4 {And, of course, White don't want to do
it, as there is absolutely no gains in exchanging knights at this moment.} Nf6
{Logical} 21. Bc3 $1 {I was very proud of this quiet move. At the firsth sight
it doesn't look impressive, but it's really tricky. My opponent blundered
immediately after this.} b4 $2 {There are different crimes in chess, but moves
like b5-b4 are probably the biggest crime you can commit against your
structure. Of course, my opponent was aware of it, but for some strange reason
he decided that at this moment he wouldn't be punished for it.} ({The best for
Black was} 21... Rc8 $1 {- simply avoiding Ba5 and waiting for what will
happen. White has, not for the first time in the game, va ery wide choice, but
probably after all the moves we have a very balanced position. I like} 22. h4
$5 {most, but other moves are interesting as well:} (22. Nxf6+ Bxf6 23. Bxf6
Qxf6 24. e5 Qe7 25. Bxa8 Rxa8 26. Qe3 Rac8 27. Rc2 Rc7 28. Rfc1 Rfc8 $11) (22.
Rc2 $5) 22... Nxg4 23. Qxg4 Bf6 24. e5 Be7 25. Bxa8 Rxa8 26. d4 {and White can
have some chances somewhere, but the position must be equal.}) 22. Be5 {
Now, after one wrong move, Black is in big troubles. The next move only
hurries the process.} Nxg4 $2 {This simply gives White an exchange for nothing.
} ({The position after} 22... Rc8 23. Nxf6+ Bxf6 24. Bxf6 Qxf6 25. Rc4 {
is of course awful, but you can still try to hold it.}) 23. Qxg4 Bf6 24. Bxc7
Qxc7 25. e5 $1 {I think this is the move my opponent missed. If Black could
manage to place the bishop on d4 and maybe also the pawn on e5 - then the
position would maybe even be unclear. Now the evaluation is simple - White can
exchange the white-squared bishops and open some lines for his rooks, so the
rook will be much better than the bishop. However, with very stubborn defence
Black still keeps some drawing chances - b5-b4 was a crime, but the pawn on c5
can be protected by the bishop, and the pawn on b4 puts paid to any ambitions
of the a2-pawn.} Qxe5 (25... Bxe5 {was losing immediately:} 26. Bxa8 Rxa8 27.
d4) 26. Qc4 $6 ({Better was} 26. Bxa8 Rxa8 27. Qc4 Be7 (27... Rc8 $2 28. Qxb4)
28. Qe4 Qxe4 29. dxe4 Kf8 30. Rfd1 Ra7 {. Black has some chances for a draw,
but probably less than in the game.}) 26... Bxg2 27. Kxg2 Be7 28. Qxa6 Qd5+ 29.
Kg1 Ra8 $6 ({Much more stubborn was} 29... Rd8 {and White is of course much
better, but it's not easy to find a plan.}) 30. Qc4 Qxc4 $2 {This is probably
the final mistake. Black shouldn't exchange queens.} 31. Rxc4 Rxa2 32. d4 $1 {
Black, of course, saw this move, but probably he thought that this is not so
dangerous. It is.} cxd4 33. Rc8+ Bf8 34. Rd1 {Simple and strong - there is no
chance to defend d4 and the rook on the first rank can join the attack.} e5 ({
Even the computer can't hold it:} 34... g5 35. Rxd4 Kg7 36. Rd7 Ra5 37. g4 Rc5
38. Rxc5 Bxc5 {and there is no problem with winning that endgame.}) 35. f4 g6 (
35... f6 {is not helping:} 36. fxe5 fxe5 37. Rf1) 36. fxe5 Re2 37. Rxd4 {
White is simply an exchange up - the rest is simple.} Kg7 38. Rd5 Be7 39. Kf1
Re4 40. Kf2 f6 41. Rc4 Rxe5 42. Rxe5 fxe5 43. Rc6 1-0

[Event "Dubai op 18th"]
[Site "Dubai"]
[Date "2016.04.16"]
[Round "5"]
[White "Howell, David"]
[Black "Akopian, Vladimir Eduardovic"]
[Result "0-1"]
[WhiteElo "2678"]
[BlackElo "2656"]
[Annotator "Besenthal,K"]
[PlyCount "98"]
[EventDate "2016.04.11"]
[EventType "swiss"]
[EventRounds "9"]
[EventCountry "UAE"]
[SourceTitle "CBM 172 Extra"]
[Source "ChessBase"]
[SourceDate "2016.06.21"]
[SourceVersion "1"]
[SourceVersionDate "2016.06.21"]
[SourceQuality "1"]

1. Nf3 Nf6 2. c4 e6 3. g3 a6 {Diagramm [#] Das sieht auf den ersten Blick
etwas seltsam aus, doch es finden sich in der Datenbank über 1.500 Partien
mit dieser Stellung, davon etliche auf höchstem Niveau. Und in der Tat
verbirgt sich hinter diesem Zug eine durchdachte Idee: Mit b7-b5 soll das
weiße Zentrum von der Flanke her angegriffen werden; der schwarze Ta8 findet
im Fall der Fälle ein sicheres Plätzchen auf a7. Und last but not least
erleidet Schwarz noch nicht einmal einen spürbaren Entwicklungsrückstand,
denn c2-c4 leistet ja auch keinen unmittelbaren Beitrag zur weißen
Entwicklung.} 4. e3 {Verhindert b7-b5.} Be7 5. b3 O-O ({In der einzigen
erwähnenswerten Referenzpartie verloren beide Partner schnell die Lust am
Weiterspielen:} 5... c5 6. Bb2 Nc6 7. Bg2 b5 8. O-O Rb8 9. d3 O-O 10. Qe2 Bb7
11. Rd1 Ba8 12. Nbd2 d6 13. Rac1 Nd7 14. Ne4 {1/2-1/2 (14) Erdos,V (2615)
-Grigoriants,S (2603) Hungary 2015}) 6. Bb2 c5 7. Nc3 Nc6 8. d4 cxd4 9. Nxd4 d5
10. cxd5 Nxd5 11. Nxc6 bxc6 12. e4 Bb4 $2 {Diagramm [#] Schwarz wird
übermütig - und kommt damit zum Erfolg!} 13. exd5 exd5 14. a3 Re8+ 15. Be2
Bxc3+ 16. Bxc3 Bh3 17. Qd3 $2 {Diagramm [#]} ({Weiß verpasst seine Chance:} 
17. Qd4 $1 Qg5 (17... f6 18. Kd2 Bf5 19. Rae1) 18. Bd2 Qe7 19. Be3) 17... Qe7
18. Ra2 c5 {Jetzt ist die Stellung tatsächlich ausgeglichen.} 19. Kd1 Qb7 20.
Re1 Qxb3+ 21. Qc2 Qb7 22. Rb2 Qd7 23. Bd2 c4 24. Bf3 Be6 25. Bf4 Bg4 26. Bxg4
Qxg4+ 27. Re2 Qf3 28. Kc1 Qxa3 29. Kb1 h6 30. Be5 Qf3 31. Qc3 Qg4 32. f3 Qg6+
33. Ka1 Qc6 34. Kb1 Qg6+ 35. Kc1 a5 36. Bd4 a4 37. Rxe8+ Rxe8 {Diagramm [#]
Schwarz hat schon längere Zeit einfach auf einen Fehler des Weißen gewartet
- eine gute Strategie, wenn der eigene König vollkommen sicher steht,
während der gegnerische gänzlich nackt ist.} 38. Qc2 $2 {Und genau das
passiert dann auch. Jetzt bricht für Weiß alles zusammen: Beide schwarzen
Figuren dringen in die weiße Stellung ein und obendrein kommen auch noch die
schwarzen Bauern ins Rollen.} (38. Rb5 $1 Re2 (38... Qf5 39. Qxc4 Qxf3 40. Rxd5
$11) 39. Rxd5 Rxh2 40. Qxc4 Qxg3 41. Qc8+ Kh7 42. Qf5+ Qg6 43. Bc5 $11) 38...
a3 39. Ra2 Re1+ 40. Kd2 Qe6 41. Kc3 Qa6 42. Kd2 Rh1 43. Bf2 d4 44. Qe4 c3+ 45.
Kc2 Qa4+ 46. Kd3 Rd1+ 47. Ke2 d3+ 48. Ke3 Qxe4+ 49. Kxe4 d2 {Der schwarze Turm
muss nur noch beiseitetreten, dann entsteht eine neue Dame.} 0-1

[Event "Brno"]
[Site "Brno"]
[Date "1992.??.??"]
[Round "2"]
[White "Schlosser, Philipp"]
[Black "Blatny, Pavel"]
[Result "0-1"]
[WhiteElo "2500"]
[BlackElo "2515"]
[Annotator "Blatny,P"]
[PlyCount "84"]
[EventDate "1992.08.??"]
[EventType "tourn"]
[EventRounds "9"]
[EventCountry "CZE"]
[EventCategory "11"]
[SourceTitle "CBM 031"]
[Source "ChessBase"]
[SourceDate "1992.12.01"]
[SourceVersion "1"]
[SourceVersionDate "1992.12.01"]
[SourceQuality "1"]

1. c4 {Ribli} e6 2. g3 d5 3. Bg2 dxc4 4. Qa4+ Nd7 5. Qxc4 c5 6. Qc2 (6. Qb3 Rb8
7. a4 b6 8. Nf3 Bb7 9. O-O Ngf6 $10 (9... Ne7 $6 {Ribli} 10. d4 Nf5 11. dxc5
bxc5 12. Rd1 Qc8 13. Bf4 Bxf3 14. Qxf3 Nd4 15. Qe4 Rxb2 16. Nc3 $14 {Serper,
G-Petrosian,A URS-chT Azov 1991 CBM/25 53/16})) (6. d3 a6 7. Qb3 Qc7 8. a4 Ne7
$5 9. a5 Nc6 10. Qa4 Ndb8 $5 11. Bf4 $6 e5 12. Be3 Bd7 13. Nd2 Nb4 14. Qd1 N8c6
$15 {Schlosser,P-Blatny,P Altensteig 1991}) 6... Rb8 7. Nf3 b5 {|^<<} (7... b6
$5 {Ribli}) 8. O-O Bb7 9. a4 a6 10. d4 Qb6 11. axb5 axb5 12. dxc5 Bxc5 13. Nc3
Ngf6 14. Bf4 Rc8 15. Qd3 Ng4 $1 (15... Bc6 16. Ne5 $1 Bxg2 (16... Nxe5 17. Bxe5
Bxg2 18. Kxg2 b4 19. Na4 $14) 17. Kxg2 b4 $8 18. Na4 Qb7+ 19. f3 $14) 16. e3
Bxf3 (16... e5 $6 17. Rad1 $1 $40) 17. Bxf3 Nge5 18. Bxe5 Nxe5 19. Qe2 Nxf3+
20. Qxf3 O-O (20... Be7 $142 21. Rfd1 b4 {/\0-0=/+}) 21. Rfd1 $1 Bb4 $1 22. Rd7
$1 Bxc3 23. bxc3 Rc7 (23... Rxc3 $2 24. Ra8 Rc1+ $8 25. Kg2 Qc6 $8 26. Rdd8 $1
$18) 24. Rxc7 $10 Qxc7 25. Ra8 $6 (25. e4) (25. Rb1 $142 {/\Qe2=}) 25... Qxc3
$1 26. Rxf8+ Kxf8 27. Qa8+ Ke7 {_|_ K[+]} 28. Qb7+ Kd6 29. Qxb5 Qc1+ 30. Kg2
Qc6+ $1 31. Qxc6+ Kxc6 $15 32. Kf3 Kd5 33. h4 e5 (33... g6 $5 34. g4 $140 f6
$15) 34. g4 f6 35. h5 $1 g6 36. hxg6 hxg6 37. Ke2 (37. g5 $1 f5 (37... fxg5 38.
Kg4 Ke4 39. Kxg5 Kf3 40. Kxg6 Kxf2 41. Kf5 $10 (41. e4 $4 Ke3 42. Kf5 Kd4 $19))
38. e4+ $1 Ke6 39. Ke3 $10) 37... Kc4 38. e4 $2 (38. Kd2 Kb3 (38... f5 39. gxf5
gxf5 40. Kc2 $10) 39. Kd3 f5 40. gxf5 gxf5 41. f4 e4+ 42. Kd4 Kc2 43. Ke5 Kd3
44. Kxf5 Kxe3 45. Kg5 Kd3 46. f5 e3 47. f6 e2 48. f7 e1=Q 49. f8=Q $10) (38.
Kd2 {Ribli}) 38... Kd4 39. f3 (39. g5 fxg5 40. Kf3 Kd3 41. Kg4 Ke2 $1 (41...
Kxe4 $2 42. Kxg5 Kf3 43. Kxg6 Kxf2 44. Kf5 $10) 42. Kxg5 Kxf2 43. Kf6 (43. Kxg6
Ke3 $19) 43... g5 $1 44. Kxg5 (44. Kxe5 g4 $19) 44... Ke3 45. Kf5 Kd4 $19)
39... Kc3 $1 $19 40. f4 (40. Ke3 g5 41. Ke2 Kc2 42. Ke3 Kd1 43. Kf2 Kd2 44. Kg3
Ke3 45. Kg2 Ke2 46. Kg3 Kf1 $19) 40... g5 $1 $8 41. fxg5 fxg5 42. Ke3 Kc4 0-1

[Event "Plovdiv"]
[Site "Plovdiv"]
[Date "1986.??.??"]
[Round "6"]
[White "Georgiev, Kiril"]
[Black "Arnason, Jon Loftur"]
[Result "1/2-1/2"]
[WhiteElo "2545"]
[BlackElo "2500"]
[Annotator "Bulletin"]
[PlyCount "83"]
[EventDate "1986.06.24"]
[EventType "tourn"]
[EventRounds "11"]
[EventCountry "BUL"]
[EventCategory "10"]
[SourceTitle "EXT 2000"]
[Source "ChessBase"]
[SourceDate "1999.11.16"]
[SourceVersion "1"]
[SourceVersionDate "1999.11.16"]
[SourceQuality "1"]

1. Nf3 Nf6 2. c4 e6 3. g3 d5 4. Bg2 dxc4 5. Qa4+ Nbd7 6. Qxc4 c5 7. O-O b6 8.
b4 Bb7 9. b5 Be7 10. Bb2 O-O 11. a4 a6 12. Na3 Ne4 13. Qc2 Nd6 14. Nc4 Nxc4 15.
Qxc4 Bf6 16. Bxf6 Qxf6 17. a5 Rfd8 18. Nh4 $1 axb5 19. Qxb5 Ba6 20. Qa4 Rab8 (
20... b5 $5 21. Qe4 Rac8) 21. Qe4 $1 b5 22. Qc6 e5 23. Nf5 $1 Kf8 $1 24. Nd6 c4
$1 25. Qxa6 Nc5 26. Qc6 Qxd6 27. a6 e4 28. Bxe4 Nxe4 29. Qxe4 g6 30. Rfb1 $6 (
30. a7 $142 Ra8 31. Rfb1 $14) 30... Re8 31. Qh4 Rxe2 $1 32. a7 Ra8 33. Rxb5
Rxa7 $3 34. Rxa7 Re1+ 35. Kg2 Qc6+ 36. f3 Re2+ 37. Kh3 Qxb5 38. Ra8+ Kg7 39.
Qd4+ Kh6 40. g4 Qe5 41. Qxe5 Rxe5 42. f4 1/2-1/2

[Event "Saint Quentin op 4th"]
[Site "Saint Quentin"]
[Date "2001.04.20"]
[Round "7.1"]
[White "Delchev, Aleksander"]
[Black "Apicella, Manuel"]
[Result "1/2-1/2"]
[WhiteElo "2587"]
[BlackElo "2518"]
[Annotator "Bulletin"]
[PlyCount "60"]
[EventDate "2001.04.15"]
[EventType "swiss"]
[EventRounds "9"]
[EventCountry "FRA"]
[SourceTitle "EXT 2002"]
[Source "ChessBase"]
[SourceDate "2001.11.25"]
[SourceVersion "1"]
[SourceVersionDate "2001.11.25"]
[SourceQuality "1"]

1. c4 e6 2. Nf3 d5 3. b3 d4 4. g3 c5 5. e3 Nc6 6. exd4 cxd4 7. Bg2 Nf6 8. O-O
Bd6 9. a3 a5 10. d3 O-O 11. Re1 h6 12. Bb2 e5 13. c5 Bc7 14. b4 axb4 15. axb4
Rxa1 16. Bxa1 Nxb4 17. Nxe5 Re8 18. Qb3 Rxe5 19. Rxe5 Bxe5 {D'apres Manu
Apicella il fallait jouer :} (19... Nxd3 $1 {car la Te5 n'a pas de case.} 20.
Re2 $2 (20. Qxd3 Bxe5 21. f4 Bc7 22. Qxd4 $11) 20... Nc1) 20. Qxb4 Ng4 (20...
Nd5 $2 21. Qe1 $1 {est tres genant (Apicella).}) 21. Nd2 Qf6 22. Nf3 Qf5 23. h3
Nxf2 24. Kxf2 Qxd3 25. Nxe5 Qe3+ 26. Kf1 b6 $1 {Tendant un piege...} 27. Qc4 $2
{Les blancs s'y engouffrent !} (27. Qxd4 $1 Ba6+ 28. Nc4 Qxd4 29. Bxd4 Bxc4+
30. Kf2 bxc5 31. Bxc5 {Avec une finale gagnante. (Apicella)}) 27... Ba6 $1 {
Maintenant les noirs s'en tirent !} 28. Qxa6 Qc1+ 29. Ke2 Qc2+ {L'echec qui a
echappe a Delchev.} 30. Kf1 (30. Kf3 Qf5+ $11) 30... Qc1+ 1/2-1/2

[Event "EU-chT (Men) 10th"]
[Site "Debrecen"]
[Date "1992.11.??"]
[Round "6.2"]
[White "Suba, Mihai"]
[Black "Lalic, Bogdan"]
[Result "1/2-1/2"]
[WhiteElo "2520"]
[BlackElo "2515"]
[Annotator "Bulletin"]
[PlyCount "134"]
[EventDate "1992.11.20"]
[EventType "team-swiss"]
[EventRounds "9"]
[EventCountry "HUN"]
[SourceTitle "EU-chT"]
[Source "ChessBase"]
[SourceDate "1999.07.01"]
[SourceVersion "2"]
[SourceVersionDate "1999.07.01"]
[SourceQuality "1"]
[WhiteTeam "Romania"]
[BlackTeam "Croatia"]
[WhiteTeamCountry "ROU"]
[BlackTeamCountry "CRO"]

1. c4 e6 2. g3 d5 3. Bg2 dxc4 4. Qa4+ Nd7 5. Qxc4 Ngf6 6. Nf3 c5 7. Qb3 Bd6 8.
Nc3 O-O $6 (8... Rb8 $142) 9. d3 $5 (9. O-O) 9... a6 10. a4 (10. O-O Rb8) 10...
Rb8 $6 (10... Bc7 $142) 11. a5 b5 12. axb6 Nxb6 13. O-O h6 14. Nd2 Nbd5 15. Qd1
$16 {><a6, c5} Bb7 16. Nc4 Nb4 $8 17. Ne4 $5 Nxe4 18. dxe4 Bc7 (18... Be7 $2
19. Bf4) 19. Be3 Qe7 $8 20. Qc1 Rfc8 {><c5} 21. Na5 $6 (21. Rd1 $16) 21... Be5
22. Nxb7 Qxb7 23. Rd1 Bd4 24. Bf4 e5 25. Bd2 c4 26. Bc3 Qb6 $1 {><f2} 27. Rf1
a5 $13 28. Qd1 $1 {/\ Qa4} Rc5 29. Qa4 Nc6 30. e3 Bxc3 31. bxc3 Qb2 32. Rfc1
Rb3 33. Qa2 Qxa2 $6 34. Rxa2 Na7 35. Bf1 $2 (35. Bh3 $1 $16) 35... Nc8 36. Rca1
Rbb5 37. Rd2 Nb6 38. Rd8+ Kh7 39. Rf8 Rc7 40. Rb8 a4 41. Be2 $2 (41. Rxa4 Nxa4
42. Rxb5 Nxc3 43. Rxe5 $10) 41... Rb3 $2 (41... Rb2 $1 {/\ Rd7, Rdd2-/+ o^a,
|^<<, ><f2}) 42. Bd1 Rc6 $6 (42... Rb2 $142) 43. Rb7 Kg6 44. f4 $1 $132 {׻}
exf4 (44... Rxc3 $2 45. f5+ Kf6 46. Bh5 g6 47. fxg6 fxg6 48. Rf1+ Ke6 (48...
Kg5 $2 49. Be2 h5 50. Rh7 $18) 49. Bxg6 $16 {/\ Be8}) 45. exf4 Rxc3 46. Kg2 $1
(46. f5+ $2 Kf6 47. Bh5 g6 48. fxg6 fxg6 49. Rf1+ Ke5 $17) 46... Rd3 47. e5 {
/\ Bc2+-} Rd2+ 48. Kh3 c3 $8 49. Bf3 Nd5 (49... Re6 $2 50. f5+ Kxf5 51. Bg4+
$18) 50. Rb5 c2 51. Bxd5 (51. Rc1 $2 Nxf4+ 52. gxf4 (52. Kg4 Nd3) 52... Rc3 $17
) 51... Rxd5 (51... c1=Q 52. Rxc1 Rxc1 53. Be4+ f5 54. Rb6+ Kf7 55. Bxf5 $13)
52. Rxd5 c1=Q 53. Rxc1 Rxc1 54. Ra5 Ra1 $6 (54... Rc4 $10) 55. Kg4 a3 56. Ra6+
Kh7 57. Ra7 a2 58. Kf5 Kg8 59. Ra8+ (59. e6 $5 fxe6+ $8 (59... Re1 $4 60. Ra8+
Kh7 61. exf7 $18) 60. Kg6 Kf8 61. Ra8+ Ke7 62. Kxg7 h5 $10) 59... Kh7 60. Ra6
g5 $1 $10 61. Ra8 gxf4 62. gxf4 Kg7 63. Ra7 Kg8 64. Ra3 $1 {/\ Rg3-g2(.)} (64.
Kf6 Rf1 $10) 64... Kh7 65. h3 Kh8 66. h4 Kh7 67. h5 Kh8 1/2-1/2

[Event "Oberliga Bayern 9495"]
[Site "Bayern"]
[Date "1995.??.??"]
[Round "?.1"]
[White "Mandl, Robert"]
[Black "Kostic, Vladimir G"]
[Result "1-0"]
[WhiteElo "2430"]
[BlackElo "2405"]
[Annotator "Bulletin"]
[PlyCount "101"]
[EventDate "1994.10.09"]
[EventType "team-tourn"]
[EventRounds "9"]
[EventCountry "GER"]
[SourceTitle "EXT 1999"]
[Source "ChessBase"]
[SourceDate "1998.11.16"]
[SourceVersion "1"]
[SourceVersionDate "1998.11.16"]
[SourceQuality "1"]
[WhiteTeam "Regensburg Fortuna"]
[BlackTeam "Pang/Rosenheim SG"]
[WhiteTeamCountry "GER"]
[BlackTeamCountry "GER"]

1. c4 e6 2. g3 g6 3. d4 Bg7 4. Bg2 Ne7 5. Nc3 O-O 6. Nf3 d6 7. O-O Nd7 8. e4 a6
9. Re1 e5 10. h3 exd4 11. Nxd4 Ne5 12. b3 N7c6 13. Nxc6 Nxc6 14. Bb2 Bd7 15.
Qd2 Rb8 16. Rad1 b5 17. c5 Be6 18. cxd6 cxd6 19. Nd5 Bxb2 20. Qxb2 Bxd5 21.
Rxd5 Nb4 22. Rd2 $16 Qa5 23. Red1 Rbd8 24. a3 Nc6 25. Rxd6 b4 26. a4 Rxd6 27.
Rxd6 Rc8 28. Qf6 Qc5 29. Bf1 Qc3 30. Bxa6 Qxf6 31. Rxf6 $18 Rc7 32. Bc4 Kg7 33.
Rd6 Ne5 34. Bd5 Rc1+ 35. Kg2 g5 36. a5 h5 37. f4 (37. a6) 37... Rc2+ 38. Kf1
gxf4 39. gxf4 Nf3 40. e5 Nd2+ 41. Ke1 Ra2 42. a6 Nb1 43. Rf6 Nc3 44. Rxf7+ Kg6
45. Rf6+ Kg7 46. Rd6 Nxd5 47. Rxd5 Kg6 48. Rd6+ Kf5 49. e6 Kf6 50. f5 Ra5 51.
Rd7 1-0